000 00500nam a22001817a 4500
003 CEME
005 20210628205509.0
008 210305b xxu||||| |||| 00| 0 eng d
020 _a87762-651-0
040 _c.
082 _a621.3192 ADV'K
100 _aFrisch, K. C Klempner, D
_975800
245 _aAdvances in interpenetrating polymer networks
260 _aLANCASTER
_bTECHNOMIC
_c1989
300 _a327P
650 _aADVANCES IN INTERPENETRATING POLYMER NETWORKS
_969570
942 _cBK
_2ddc
999 _c581206
_d581206